Регионална библиотека "Любен Каравелов" - Русе

[Сто] 100 % успех! Матура по биология и здравно образование (Запис номер 158784)

MARC детайли
000 -Лидер
Контролно поле с фиксирана дължина 01644nam a2200385 c 4500
003 - Код на организацията, давaща контролен номер
Контролно поле BLK
005 - Дата и час на последна редакция
Контролно поле 20191206173056.0
008 - Елементи от данни с фиксирана дължина
fixed length control field 180410b bul|||||r ||||||| ||bul||
010 ## - Наследен системен номер
LC control number KNG00165842000
020 ## - Международен стандартен номер на книга ISBN
Международен стандартен номер на книга ISBN 978-954-01-2562-6
-- издат.: Просвета
040 ## - Източник на каталожния запис
Идентификатор на билиотеката - собственик на записа BLK
041 ## - Код за език
Код за езика на текст/звукозапис или на отделно заглавие Български
Код за езика КДБФ Български
072 #7 - Код за тематичната категория
Код организация bullib
Код за тематична категория Н372
Текст Учебни предмети. Учебници Н
080 ## - УДК
Текстов определител УДК Биологични науки
УДК код - определител по УДК 57
УДК определител (079)(075.3)
УДК - код + определител 57(079)(075.3)
100 1# - Редна дума - Автор
Автор Томова, Снежана Борисова
Авторска отговорност първи автор
R(LIN) 363681
139 ## - Редно поле
Редна дума Томова, Снежана Борисова и др.
Авторски знак Томо - Т 70
245 10 - Сведения за заглавието
Заглавие [Сто] 100 % успех! Матура по биология и здравно образование
Редно поле (дума) Снежана Борисова Томова; съавт. Венета Георгиева Петрова.
257 ## - Страна на издаване
Страна на създаване/издаване България
260 ## - Област на издателските данни
-- София
Име на издателя, разпространителя и проч. Просвета
Година на издаване 2011
Печатница София : Лито Балкан
300 ## - Физическа характеристика
Страници 151 с.
Илюстрации и др. с ил., табл.
Размери/Мащаб 24 см
380 ## - Жанр
Жанр Естествени науки. Математика
650 #4 - Допълнително описание по предмет – тема
Основно описание – тема или топоним Биология - тестове - учебни помагала
9 (RLIN) 241798
650 #4 - Допълнително описание по предмет – тема
Основно описание – тема или топоним Биология - учебници за средни училища
9 (RLIN) 247367
653 ## - Ключова дума – ненормативна
Ключова дума биология
653 ## - Ключова дума – ненормативна
Ключова дума тестове
653 ## - Ключова дума – ненормативна
Ключова дума матури
653 ## - Ключова дума – ненормативна
Ключова дума зрелостни изпити
659 ## - Тематичен бюлетин
Тематичен бюлетин Н
700 1# - Други автори (авторска отговорност)
Лично име Петрова, Венета Георгиева
Автороска отговорност (Описва отношението между автора и произведението) съавт.
9 (RLIN) 334257
852 ## - Местоположение
Форматна сигнатура Цб 271156
856 4# - Електронен адрес и достъп
Електронен формат pdf - файл
Път до файла /url/
856 4# - Електронен адрес и достъп
Електронен формат pdf - файл
Път до файла /url/
942 ## - АРТИКУЛИ
Вид на библиотечния материал Книги
Скрит в OPAC Не
Koha issues (borrowed), all copies 5
944 ## - СЪЗДАВАНЕ И РЕДАКЦИЯ на ЗАПИСА
Създаване/Редакция Създаване
Дата на регистрацията/редакция 08.10.2014
Статус, дата на статуса ф /
Служител, извършил регистрацията/редакцията Пенка_Димитрова
944 ## - СЪЗДАВАНЕ И РЕДАКЦИЯ на ЗАПИСА
Създаване/Редакция Редакция
Дата на регистрацията/редакция 06.04.2015
Статус, дата на статуса ф /
Служител, извършил регистрацията/редакцията Людмила_Стоянова
999 ## - СИСТЕМНИ КОНТРОЛНИ НОМЕРА
Koha biblionumber 158784
Koha biblioitemnumber 158784
Наличности
Код за отписване Код за изгубен артикул Код за повреда Коз за рестрикции Код за отдаване Артикулен № Име на библиотеката - собственик Име на библиотеката, в която се намира в момента Статус (Текущо местоположение) Дата на вписване в системата Местоположение - отдел Цена в лева Инвентарен номер Систематично азбучна сигнатура Баркод Номер на екземпляра Цена в евро Служебна бележка Служебен тип на артикула
  Не е изгубен Не е повреден без рестрикции заемане за дома 265400 Регионална библиотека "Любен Каравелов" Русе Регионална библиотека "Любен Каравелов" Русе Заемна - подръчен фонд 2014-10-09 Заемна - подръчен фонд 7.90 120000781584 П 57(07)/Т 70 120000781584 1 4.04 Дост: DA Вид: А N: 22 Дата: 09.10.2014 Дата инв: 02.02.2018 Бележки инв: П2018 Книги
Vip Innovations Ltd, Rousse, Bulgaria 2025